000 00582nam a2200217 i 4500
001 C2-0307331
003 PPAK
005 20180728094020.0
008 110130s2005 xx a|||| ||||| | eng d
040 _aPPAK
_beng
_cPPAK
_erda
082 0 4 _a627.52
_223
090 0 0 _a627.52
_bSTA
_dKK
245 0 0 _aState water strategy :
_bIrrigation Review Final Report
264 1 _c2005
300 _a86 pages :
_bcolour illustrations ;
_c30 cm
336 _2rdacontent
_atext
337 _2rdamedia
_aunmediated
338 _2rdacarrier
_avolume
650 1 0 _aIrrigation
942 _ddc
_cB
999 _c110097
_d110097